000 00399nam a2200145Ia 4500
008 211109s9999||||xx |||||||||||||| ||und||
082 _a894.8121
_bMEN-T
100 _aAchutha Menon, C
245 0 _aThoolikachitrangal
260 _bMathrubhumi Printing
_aCalicut
_c1920
300 _a224p.
630 _xGeneral Stack
650 _aMalayalam Literature
_vMalayalam Poetry
_xGeneralia
942 _cBOOK
999 _c11305
_d11305